000 00478nam a2200169Ia 4500
999 _c22264
_d22264
003 OSt
005 20200215123043.0
008 190216s9999||||xx |||||||||||||| ||und||
040 _coclc
082 _a962
_bMAU/S
100 _aMaujdoob, Muhamed
_92035
245 0 _aSeena Thazhwarayil /
_cMuhamed Maujdoob
260 _bYuvatha Book House,
_c1990.
_aCalicut:
300 _a104p
650 _xIslamic History
942 _cBK
_2ddc
_h962
_iMAU/S
_k962
_mMAU/S